[Event "Heusenstamm Sparkassen op-B 4th"]
[Site "Heusenstamm"]
[Date "2017.11.25"]
[Round "4"]
[White "Schwarz, Matthias"]
[Black "Pohle, Saskia"]
[Result "1-0"]
[WhiteElo "1767"]
[BlackElo "1497"]
[PlyCount "43"]
[EventDate "2017.11.23"]
[EventType "swiss"]
[EventRounds "7"]
[EventCountry "GER"]
[SourceTitle "EXT 2019"]
[Source "ChessBase"]
[SourceDate "2018.10.10"]
[SourceVersion "1"]
[SourceVersionDate "2018.10.10"]
[SourceQuality "1"]

1. e4 e5 2. Nf3 Nc6 3. Bc4 Nf6 4. d3 Be7 5. Nc3 0-0 6. Be3 d6 7. h3 a6 8. g4 b5 9. g5 bxc4 10. gxf6 Bxf6 11. dxc4 Kh8 12. Qd2 Rb8 13. b3 Be6 14. Nd5 Rg8 15. 0-0-0 Be7 16. Rdg1 Qc8 17. h4 Qb7 18. Qe2 a5 19. Ng5 Rbf8 20. Qh5 h6 21. Nxe6 fxe6 22. Bxh6 1-0

[Event "Bad Soden U18 op"]
[Site "Bad Soden"]
[Date "2017.10.03"]
[Round "9"]
[White "Schwarz, Matthias"]
[Black "Gallasch, Robin"]
[Result "0-1"]
[WhiteElo "1722"]
[BlackElo "1682"]
[PlyCount "68"]
[EventDate "2017.09.30"]
[EventType "swiss"]
[EventRounds "9"]
[EventCountry "GER"]
[SourceTitle "EXT 2018"]
[Source "ChessBase"]
[SourceDate "2017.10.13"]
[SourceVersion "1"]
[SourceVersionDate "2017.10.13"]
[SourceQuality "1"]

1. e4 c6 2. Nc3 d5 3. Nf3 Nf6 4. e5 Ne4 5. Nxe4 dxe4 6. Ng5 Qd5 7. Qe2 Bf5 8. Qc4 e6 9. Qxd5 exd5 10. c3 h6 11. Nh3 Nd7 12. d4 exd3 13. f4 0-0-0 14. Nf2 Re8 15. Bxd3 Bxd3 16. Nxd3 f6 17. 0-0 fxe5 18. fxe5 Nxe5 19. Re1 Bd6 20. Nxe5 Bxe5 21. Be3 b6 22. Bf2 Rhf8 23. h3 Kd7 24. Rad1 Bh2+ 25. Kxh2 Rxf2 26. Rxe8 Kxe8 27. Rb1 Ke7 28. Kg3 Rc2 29. Kf3 Kf6 30. g4 Rd2 31. Kg3 g6 32. Kf3 Kg5 33. Kg3 Rd3+ 34. Kg2 Kh4 0-1

[Event "Bad Soden U18 op"]
[Site "Bad Soden"]
[Date "2017.10.01"]
[Round "5"]
[White "Bajorski, Marius"]
[Black "Schwarz, Matthias"]
[Result "1-0"]
[WhiteElo "1843"]
[BlackElo "1722"]
[PlyCount "47"]
[EventDate "2017.09.30"]
[EventType "swiss"]
[EventRounds "9"]
[EventCountry "GER"]
[SourceTitle "EXT 2018"]
[Source "ChessBase"]
[SourceDate "2017.10.13"]
[SourceVersion "1"]
[SourceVersionDate "2017.10.13"]
[SourceQuality "1"]

1. d4 Nf6 2. Nc3 d5 3. Bf4 e6 4. e3 Bd6 5. Bg3 0-0 6. Bd3 c5 7. Nf3 cxd4 8. exd4 Nc6 9. 0-0 Bxg3 10. hxg3 b6 11. a3 Bb7 12. Re1 Rc8 13. Ne2 Re8 14. Nf4 h6 15. Ne5 Nxe5 16. Rxe5 Nd7 17. Re2 e5 18. dxe5 Nxe5 19. Bb5 Re7 20. Rd2 Rc5 21. a4 a6 22. b4 Rcc7 23. Nxd5 Bxd5 24. Rxd5 1-0

[Event "Bad Soden U18 op"]
[Site "Bad Soden"]
[Date "2017.09.30"]
[Round "2"]
[White "Schwarz, Matthias"]
[Black "Arnold, Jan"]
[Result "1-0"]
[WhiteElo "1722"]
[BlackElo "1441"]
[PlyCount "31"]
[EventDate "2017.09.30"]
[EventType "swiss"]
[EventRounds "9"]
[EventCountry "GER"]
[SourceTitle "EXT 2018"]
[Source "ChessBase"]
[SourceDate "2017.10.13"]
[SourceVersion "1"]
[SourceVersionDate "2017.10.13"]
[SourceQuality "1"]

1. e4 c5 2. Nf3 Nc6 3. d4 cxd4 4. Nxd4 Nf6 5. Nc3 e5 6. Ndb5 a6 7. Nd6+ Bxd6 8. Qxd6 Qe7 9. Qd1 0-0 10. Bg5 h6 11. Bh4 d6 12. Nd5 Qe6 13. Bxf6 g5 14. Bc4 Kh7 15. h4 g4 16. Qd2 1-0

[Event "Bad Zwesten op 17th"]
[Site "Bad Zwesten"]
[Date "2017.01.05"]
[Round "5"]
[White "Schwarz, Matthias"]
[Black "Boehme, Jonas"]
[Result "1-0"]
[WhiteElo "1814"]
[BlackElo "1649"]
[PlyCount "71"]
[EventDate "2017.01.02"]
[EventType "swiss"]
[EventRounds "7"]
[EventCountry "GER"]
[SourceTitle "CBM 176 Extra"]
[Source "ChessBase"]
[SourceDate "2017.03.02"]
[SourceVersion "1"]
[SourceVersionDate "2017.03.02"]
[SourceQuality "1"]

1. e4 d5 2. e5 c5 3. c3 Nc6 4. f4 Bf5 5. Nf3 e6 6. a3 Nge7 7. Nh4 c4 8. d4 cxd3 9. Bxd3 Be4 10. Bxe4 dxe4 11. Qxd8+ Rxd8 12. Nd2 Nf5 13. Nxf5 exf5 14. Nb3 b6 15. Be3 Rd3 16. Ke2 Be7 17. Rhd1 Rxd1 18. Rxd1 Bd8 19. Nd4 Nxd4+ 20. cxd4 Kd7 21. d5 Bc7 22. d6 Bb8 23. Rc1 h5 24. a4 Rc8 25. Rxc8 Kxc8 26. b4 Kd7 27. Kd2 f6 28. Kc3 Ke6 29. Kd4 g5 30. g3 h4 31. b5 hxg3 32. hxg3 gxf4 33. gxf4 a6 34. bxa6 Ba7 35. Kc3 Kd7 36. a5 1-0

[Event "Gyor op-A 7th"]
[Site "Gyor"]
[Date "2016.07.07"]
[Round "2"]
[White "Schwarz, Matthias"]
[Black "Pesti, Mate"]
[Result "0-1"]
[WhiteElo "1851"]
[BlackElo "1655"]
[PlyCount "86"]
[EventDate "2016.07.06"]
[EventType "swiss"]
[EventRounds "9"]
[EventCountry "HUN"]
[SourceTitle "EXT 2017"]
[Source "ChessBase"]
[SourceDate "2016.10.25"]
[SourceVersion "1"]
[SourceVersionDate "2016.10.25"]
[SourceQuality "1"]

1. e4 c5 2. Nc3 Nc6 3. g3 g6 4. Bg2 Bg7 5. d3 Nf6 6. f4 d6 7. Nf3 0-0 8. 0-0 Bd7 9. h3 a6 10. Be3 Qc7 11. g4 Rab8 12. Rb1 b5 13. Ne2 a5 14. Ng3 a4 15. c3 Qa5 16. g5 Ne8 17. f5 a3 18. Bd2 axb2 19. Rxb2 Bxc3 20. Bxc3 Qxc3 21. Qd2 Qxd2 22. Rxd2 f6 23. fxg6 hxg6 24. h4 Ng7 25. gxf6 Rxf6 26. d4 cxd4 27. Nxd4 Rxf1+ 28. Bxf1 Nxd4 29. Rxd4 Ne6 30. Rb4 Ra8 31. Bxb5 Bxb5 32. Rxb5 Rxa2 33. e5 Kg7 34. exd6 exd6 35. h5 Nf4 36. Ne4 d5 37. Rb7+ Kh6 38. Nf6 gxh5 39. Rd7 d4 40. Kf1 d3 41. Ne4 h4 42. Rd6+ Kh5 43. Nc5 d2 0-1

[Event "Heusenstamm Sparkassen op-A 2nd"]
[Site "Heusenstamm"]
[Date "2015.11.29"]
[Round "7"]
[White "Christen, Stefan"]
[Black "Schwarz, Matthias"]
[Result "1/2-1/2"]
[WhiteElo "1820"]
[BlackElo "1641"]
[PlyCount "66"]
[EventDate "2015.11.26"]
[EventType "swiss"]
[EventRounds "7"]
[EventCountry "GER"]
[SourceTitle "EXT 2018"]
[Source "ChessBase"]
[SourceDate "2017.10.13"]
[SourceVersion "1"]
[SourceVersionDate "2017.10.13"]
[SourceQuality "1"]

1. Nf3 Nf6 2. b3 d5 3. Bb2 e6 4. e3 c5 5. c4 dxc4 6. Bxc4 Be7 7. 0-0 0-0 8. Qc2 Nc6 9. a3 b6 10. Be2 Bb7 11. d3 Rc8 12. Nbd2 Qc7 13. Rac1 Rfd8 14. Qb1 Qd7 15. Rfe1 Ba6 16. Nc4 Bxc4 17. dxc4 Qc7 18. h3 Ne8 19. Red1 Bf6 20. Bd3 h6 21. Rd2 Bxb2 22. Qxb2 Nf6 23. Rcd1 Rd7 24. Bc2 Rcd8 25. Rxd7 Rxd7 26. Rxd7 Qxd7 27. Ne5 Qc7 28. Nxc6 Qxc6 29. Qe5 Nd7 30. Qc3 Nf6 31. Bb1 Qd6 32. Qc2 g6 33. g4 e5 1/2-1/2

[Event "Heusenstamm Sparkassen op-A 2nd"]
[Site "Heusenstamm"]
[Date "2015.11.27"]
[Round "3"]
[White "Schwarz, Matthias"]
[Black "Gelfenbaum, Daniel"]
[Result "1-0"]
[WhiteElo "1641"]
[BlackElo "1771"]
[PlyCount "51"]
[EventDate "2015.11.26"]
[EventType "swiss"]
[EventRounds "7"]
[EventCountry "GER"]
[SourceTitle "EXT 2018"]
[Source "ChessBase"]
[SourceDate "2017.10.13"]
[SourceVersion "1"]
[SourceVersionDate "2017.10.13"]
[SourceQuality "1"]

1. e4 c6 2. Nc3 d5 3. Nf3 Bg4 4. h3 Bxf3 5. Qxf3 e6 6. d4 Nf6 7. Bd3 dxe4 8. Nxe4 Qxd4 9. Be3 Qd8 10. 0-0-0 Nbd7 11. Rhe1 Ne5 12. Qe2 Bb4 13. c3 Be7 14. Bc2 Qa5 15. Kb1 0-0 16. g4 Nxe4 17. Bxe4 f5 18. gxf5 exf5 19. Bc2 Ng6 20. Rg1 Kh8 21. Qh5 Nh4 22. Bd4 Rg8 23. Rxg7 Rxg7 24. Rg1 Ng6 25. Rxg6 Bf8 26. Rh6 1-0

[Event "Zdar nad Sazavou Vysocina op 8th"]
[Site "Zdar nad Sazavou"]
[Date "2011.09.30"]
[Round "8"]
[White "Jiruse, Josef"]
[Black "Schwarz, Matthias"]
[Result "1-0"]
[WhiteElo "2042"]
[BlackElo "1857"]
[PlyCount "103"]
[EventDate "2011.09.24"]
[EventType "swiss"]
[EventRounds "9"]
[EventCountry "CZE"]
[SourceTitle "CBM 144 Extra"]
[Source "ChessBase"]
[SourceDate "2011.10.28"]
[SourceVersion "1"]
[SourceVersionDate "2011.10.28"]
[SourceQuality "1"]

1. c4 c5 2. Nc3 g6 3. g3 Bg7 4. Bg2 Nc6 5. d3 d6 6. Rb1 e6 7. Bxc6+ bxc6 8. e4 Ne7 9. Be3 e5 10. Qd2 f6 11. f4 Be6 12. h3 Qd7 13. b3 h6 14. Kd1 g5 15. Kc2 Qc7 16. Na4 Nc8 17. Ne2 Nb6 18. Nec3 Nxa4 19. Nxa4 Rb8 20. fxe5 fxe5 21. g4 Rf8 22. Rhf1 Kd7 23. Bxc5 Rxf1 24. Rxf1 Rf8 25. Rxf8 Bxf8 26. Qf2 Be7 27. Bxa7 c5 28. Bb6 Qb8 29. Ba5 h5 30. Bd2 hxg4 31. hxg4 Bxg4 32. Qg1 Be6 33. Bxg5 Qg8 34. Be3 Qxg1 35. Bxg1 Bg5 36. Nc3 Kc6 37. a3 Bf7 38. Bf2 Be6 39. Nd5 Bf7 40. b4 cxb4 41. axb4 Bh5 42. b5+ Kb7 43. Be3 Bh4 44. Bh6 Bf2 45. Be3 Bh4 46. Bd2 Bf2 47. Bb4 Bc5 48. Bxc5 dxc5 49. Nf6 Be2 50. Nd7 Kc7 51. Nxc5 Kd6 52. b6 1-0